000 00251nam a2200097Ia 4500
008 230915s9999 xx 000 0 und d
050 _aSB106 .R43 2007
100 _aNAZEEN P. A.
245 0 _aRECENT TRENDS IN HORTICULTURAL BIOTECHNOLOGY
942 _cBK
999 _c201674
_d201674